| 000 | 00653nas a2200229 4500 | ||
|---|---|---|---|
| 001 | BR9103113 | ||
| 003 | BR-BrBNA | ||
| 005 | 20231205092045.0 | ||
| 007 | ta | ||
| 008 | 230509b bl.|||p| |||| 00| 00por d | ||
| 040 |
_aBR-BrBNA _bpor _cBiblioteca Nacional de Agricultura |
||
| 041 | _a(Pt) | ||
| 072 | _aL02 | ||
| 100 | 1 | _aTucci, T.V. | |
| 245 | 1 | _aA alfafa elimina a alfafa [valor nutritivo] | |
| 650 | _aALFAFA | ||
| 650 | _aNUTRICAO ANIMAL | ||
| 650 | _aVALOR NUTRITIVO | ||
| 773 | 0 |
_tGado Holandes (Brazil) _xISSN 0101-7977 _g(Dec 1989), v. 55(169) p. 128-129 _wBR9103113 |
|
| 909 |
_a202311 _bLúcia _c55 _dLúcia Elande |
||
| 942 |
_2AGRIS _n0 _cANA |
||
| 999 |
_c129006 _d129006 |
||